00586 2200217 4500001002100000005001700021008004100038035002400079082001000103090001700113100002500130245007300155260002600228300002400254500003100278650001500309850001200324980001100336985000600347999001500353YOGYA-0209000002546420090227023942.0 ind  0010-020900000025464 a302.2 a302.2bSas P aSASTROPUTRO, Santoso aPropaganda salah satu bentuk komunikasi massacSantoso Sastro Poetro aBandungbAlumnic1983 axii, 255 hlmc21 cm aBibliografi : hlm. 253-255 aKomunikasi aYOPDYOG a201206 a1 a06A0019161